00638nam a2200193Ia 4500008004100000020001500041082001300056100001400069245004800083250000800131260002800139300001200167500002400179650001500203942000700218952010200225952010200327999001500429230524s9999 xx 000 0 und d a8173194311 a537bGHO aS.N.Ghosh 0aElectromagnetic Theory and Wave Propagation a2ND aNEW DELHIbNarosac2002 aXVI;259 aQuantity Number: 2 aElectrical cBK 00104070aTATCLbTATCLcGENd2023-05-24l0o537 GHOp6655r2023-05-24w2023-05-24yBKzCPEC5203 00104070aTATCLbTATCLcGENd2023-05-24l0o537 GHOp6656r2023-05-24w2023-05-24yBKzCPEC5203 c8979d8979